000 00692nam a2200241Ia 4500
005 20260430150104.0
008 008 250103s9999 xx 000 0 eng d
037 _aTheses
040 _aCRL
040 _beng
040 _ceng
041 _2eng
041 _aeng
084 _qCRL
100 _aSharma Mohit Kumar Au.; Sur Sourav Gu.
_91236422
245 0 _aCosmologial perturbations and stability of interacting scenarios in scalar-tensor equivalent modified gravity
260 _c2022
300 _a92p.
650 _aPhysics
700 _aUniversity of Delhi. Faculty of Science. Department of Physics & Astrophysics
_9543288
942 _cTH
999 _c1848919
_d1848919